| 000 | 00620nam a2200217Ia 4500 | ||
|---|---|---|---|
| 008 | 160803s9999 xx 000 0 und d | ||
| 020 | _a0 439457971 | ||
| 100 | _aSmith, Gail Saunders | ||
| 245 | _aCarrots / | ||
| 245 | _cby Gail Saunders-Smith ; [edited byLois Wallentine]. | ||
| 260 | _aNew York : | ||
| 260 | _bScholastic Inc. | ||
| 260 | _c1998 | ||
| 300 | _a24 pages : | ||
| 300 | _bcolor illustrations ; | ||
| 300 | _c19 cm | ||
| 500 | _aOriginally published: Mankato, Minnesota : Pebble Books, Capstone Press, c1998. | ||
| 650 | _aCarrots -- | ||
| 650 | _xJuvenile literature. | ||
| 700 | _a180 | ||
| 999 |
_c299093 _d299093 |
||